| 000 | 00984pam a2200313 i 4500 | ||
|---|---|---|---|
| 999 |
_c2114 _d2114 |
||
| 001 | 016199989 | ||
| 003 | Uk | ||
| 005 | 20230308092946.0 | ||
| 008 | 121024s2013 enka j 000|j eng|d | ||
| 015 |
_aGBB2B0000 _2bnb |
||
| 016 | 7 |
_a016199989 _2Uk |
|
| 020 | _a9781847153630 (pbk.) : | ||
| 040 |
_aStDuBDS _beng _cStDuBDS _dUk _dKH8 _erda |
||
| 042 | _aukblcatcopy | ||
| 082 | 0 | 4 |
_a823.92 MAC _223 |
| 100 | 1 |
_aMacDonald, Alan, _d1958- _eauthor. |
|
| 245 | 1 | 0 |
_aToothy! / _cDavid Roberts ; written by Alan MacDonald. |
| 264 | 1 |
_aLondon : _bStripes, _c2013. |
|
| 300 |
_a95 pages : _billustrations (black and white) ; _c20 cm. |
||
| 336 |
_atext _2rdacontent |
||
| 336 |
_astill image _2rdacontent |
||
| 337 |
_aunmediated _2rdamedia |
||
| 338 |
_avolume _2rdacarrier |
||
| 490 | 0 | _aDirty Bertie | |
| 650 | 0 |
_aDirty Bertie (Fictitious character) _vJuvenile fiction. |
|
| 650 | 0 | _aChildren's stories, English. | |
| 700 | 1 |
_aRoberts, David, _d1970- _eillustrator. |
|
| 942 |
_2ddc _cNFIC |
||